Normal view
MARC view
- طبيلة،القطب محمد القطب
Entry Personal Name
001 - CONTROL NUMBER
- control field: 18078
003 - CONTROL NUMBER IDENTIFIER
- control field: JO-AjAnu
005 - DATE AND TIME OF LATEST TRANSACTION
- control field: 20230606073200.0
008 - FIXED-LENGTH DATA ELEMENTS
- fixed length control field: 230606|| aca||aabn | a|a d
040 ## - CATALOGING SOURCE
- Original cataloging agency: JO-AjAnu
- Transcribing agency: JO-AjAnu
100 ## - HEADING--PERSONAL NAME
- Personal name: طبيلة،القطب محمد القطب
670 ## - SOURCE DATA FOUND
- Source citation: Work cat.: (JO-AjAnu)9282: طبيلة،القطب محمد القطب, author, نظام الإدارة في الإسلام : دراسة مقارنة بالنظم المعاصرة